|
|
|
|
| LEADER |
00000nkmaa2200000 a 4500 |
| 001 |
vtls010124214 |
| 003 |
SK-MaSNL |
| 005 |
20260425235619.0 |
| 007 |
kf co |
| 008 |
231204s191u xo 000 ||00 k|hun |
| 040 |
|
|
|a SNKLA
|b slo
|c SNKLA
|e AACR2
|
| 041 |
0 |
|
|a hun
|a ger
|
| 044 |
|
|
|a xo
|c SK
|
| 245 |
0 |
0 |
|a Bad-Pöstyén-fürdő
|h [grafika]
|b Thermia szálló és Irma fürdő
|
| 246 |
1 |
1 |
|a Bad-Pöstyén-fürdő
|b Hotel Thermia u. Irma Bad
|
| 260 |
|
|
|a Pöstyén
|b Weinreb Adolf
|c [191-]
|
| 300 |
|
|
|a 1 pohľadnica
|b fareb.
|c 9x14 cm
|
| 610 |
|
7 |
|a Kúpele Piešťany (Slovensko)
|2 SNKLA
|9 22587
|
| 651 |
|
7 |
|a Piešťany (Slovensko)
|2 SNKPH
|9 23981
|
| 651 |
|
7 |
|a Slovensko
|2 SNKPH
|9 14231
|
| 655 |
|
7 |
|a geografické pohľadnice
|2 SNKPH
|9 70522
|
| 752 |
|
|
|a Slovensko
|d Piešťany
|
| 958 |
|
|
|a BLA
|
| 999 |
|
|
|c 834064
|d 835994
|
| 952 |
|
|
|a SNKLA
|b SNKLA
|c SNKLA_DEP
|y NEVYP
|7 0
|p 17A0647782
|o snkLA 3347/1971
|0 0
|1 0
|4 0
|d 2014-07-29
|l 0
|r 2026-02-24 03:48:39
|w 2026-02-24
|